MARC details
| 000 -CABECERA |
| campo de control de longitud fija |
02419nam a2200445Ia 4500 |
| 001 - NÚMERO DE CONTROL |
| campo de control |
Para_9004 |
| 003 - IDENTIFICADOR DEL NÚMERO DE CONTROL |
| campo de control |
CHAP |
| 005 - FECHA Y HORA DE LA ÚLTIMA TRANSACCIÓN |
| campo de control |
20250204114443.0 |
| 007 - CAMPO FIJO DE DESCRIPCIÓN FÍSICA--INFORMACIÓN GENERAL |
| campo de control de longitud fija |
ta |
| 008 - DATOS DE LONGITUD FIJA--INFORMACIÓN GENERAL |
| campo de control de longitud fija |
220125s2003 sp a gr 001 1 spa d |
| 010 ## - NÚMERO DE CONTROL DE LA BIBLIOTECA DEL CONGRESO |
| Número de control de LC |
207782 |
| 020 ## - NÚMERO INTERNACIONAL ESTÁNDAR DEL LIBRO |
| Número Internacional Estándar del Libro |
978-84-7720-685-9 |
| 040 ## - FUENTE DE LA CATALOGACIÓN |
| Centro/agencia transcriptor |
CHAP |
| Centro catalogador/agencia de origen |
mxchpua |
| 050 10 - SIGNATURA TOPOGRÁFICA DE LA BIBLIOTECA DEL CONGRESO |
| Número de clasificación |
PS3511.I73 |
| Número de documento/Ítem |
.09518 2015 |
| 082 00 - NÚMERO DE LA CLASIFICACIÓN DECIMAL DEWEY |
| Número de clasificación |
PA 646.7 |
| Número de documento/Ítem |
F5 |
| Número de edición |
20 |
| 100 1# - ENTRADA PRINCIPAL--NOMBRE DE PERSONA |
| Nombre de persona |
Fisher, Robert |
| 9 (RLIN) |
127771 |
| Término indicativo de función/relación |
autor |
| 240 14 - TÍTULO UNIFORME |
| Título uniforme |
The owl who didn´t give a hoot. |
| Lenguaje de la obra |
Español |
| 245 13 - MENCIÓN DE TÍTULO |
| Título |
El búho que no podía ulular / |
| Mención de responsabilidad, etc. |
por Robert Fisher y Beth Kelly ; traductora Verónica d'Ornellas |
| 250 ## - MENCIÓN DE EDICIÓN |
| Mención de edición |
26a edición |
| 250 ## - MENCIÓN DE EDICIÓN |
| Mención de edición |
47a edición |
| 264 ## - PRODUCCIÓN, PUBLICACIÓN, DISTRIBUCIÓN, FABRICACIÓN Y COPYRIGHT |
| Producción, publicación, distribución, fabricación y copyright |
Barcelona, España : |
| Nombre del de productor, editor, distribuidor, fabricante |
Obelisco, |
| Fecha de producción, publicación, distribución, fabricación o copyright |
2015 |
| 300 ## - DESCRIPCIÓN FÍSICA |
| Extensión |
99 páginas : |
| Otras características físicas |
ilustraciones |
| 505 0# - NOTA DE CONTENIDO CON FORMATO |
| Nota de contenido con formato |
El buho que no podía ulular -- La cuclilla que no quería cantar cucú -- La más pequeña de las mariposas -- La perrita preocupada y el grillo consciente |
| 520 2# - SUMARIO, ETC. |
| Sumario, etc. |
El búho que no podía ulular es una recopilación de cuatro cuentos con los que Robert Fisher y Beth Kelly le recuerdan al niño que hay dentro de todos nosotros algunas ideas importantes que hemos perdido en nuestro viaje por la edad adulta. Sus protagonistas son un búho y un pato que no saben pronunciar lo que se supone que dicen los búhos y los patos, una cuclilla que buscaba hacer suyo el canto de otro pájaro, una pequeña mariposa que decide aprovechar al máximo el único día de su vida y una perrita lebrel atemorizada por todo. Escritos en clave de fábula, estos cuentos nos ayudan a identificar nuestros temores, nuestras inquietudes y nuestras dudas. Su lectura invita a la reflexión. Su mensaje es sencillo: si nos llenamos de amor, no dejamos espacio para el odio. Una enseñanza en apariencia sencilla, pero muchas veces también olvidada. |
| 650 13 - PUNTO DE ACCESO ADICIONAL DE MATERIA--TÉRMINO DE MATERIA |
| Término de materia o nombre geográfico como elemento de entrada |
Motivación (psicología) |
| 9 (RLIN) |
79090 |
| 650 13 - PUNTO DE ACCESO ADICIONAL DE MATERIA--TÉRMINO DE MATERIA |
| Término de materia o nombre geográfico como elemento de entrada |
Superación personal |
| 9 (RLIN) |
143097 |
| 650 17 - PUNTO DE ACCESO ADICIONAL DE MATERIA--TÉRMINO DE MATERIA |
| Término de materia o nombre geográfico como elemento de entrada |
Cuentos |
| 9 (RLIN) |
30096 |
| 650 10 - PUNTO DE ACCESO ADICIONAL DE MATERIA--TÉRMINO DE MATERIA |
| Término de materia o nombre geográfico como elemento de entrada |
Literatura norteamericana |
| Subdivisión cronológica |
Siglo XX |
| 9 (RLIN) |
144999 |
| 650 13 - PUNTO DE ACCESO ADICIONAL DE MATERIA--TÉRMINO DE MATERIA |
| Término de materia o nombre geográfico como elemento de entrada |
Autoestima |
| 9 (RLIN) |
186710 |
| 650 13 - PUNTO DE ACCESO ADICIONAL DE MATERIA--TÉRMINO DE MATERIA |
| Término de materia o nombre geográfico como elemento de entrada |
Self-esteem |
| 9 (RLIN) |
186711 |
| 650 13 - PUNTO DE ACCESO ADICIONAL DE MATERIA--TÉRMINO DE MATERIA |
| Término de materia o nombre geográfico como elemento de entrada |
Stories |
| 9 (RLIN) |
152742 |
| 650 10 - PUNTO DE ACCESO ADICIONAL DE MATERIA--TÉRMINO DE MATERIA |
| Término de materia o nombre geográfico como elemento de entrada |
American literature |
| Subdivisión cronológica |
20th century |
| 9 (RLIN) |
153260 |
| 700 ## - PUNTO DE ACCESO ADICIONAL--NOMBRE DE PERSONA |
| Nombre de persona |
Kelly, Beth |
| 9 (RLIN) |
174276 |
| Término indicativo de función/relación |
autora |
| 700 ## - PUNTO DE ACCESO ADICIONAL--NOMBRE DE PERSONA |
| Nombre de persona |
d'Ornellas Radziwill, Verónica |
| 9 (RLIN) |
160354 |
| Término indicativo de función/relación |
traductora |
| 942 ## - ELEMENTOS DE PUNTO DE ACCESO ADICIONAL (KOHA) |
| Tipo de ítem Koha |
Libro |
| Fuente del sistema de clasificación o colocación |
Dewey Decimal Classification |
| 901 ## - ELEMENTOS DE DATOS A LOCAL LDA (RLIN) |
| a |
PA 646.7 F5 |
| 902 ## - ELEMENTOS DE DATOS B LOCAL, LDB (RLIN) |
| a |
A |
| 905 ## - ELEMENTOS DE DATOS E LOCAL, LDE (RLIN) |
| a |
0000002003 0000000000 00 |
| 910 ## - DATOS DE OPCIÓN DEL USUARIO (OCLC) |
| Datos de opción del usuario |
2003 |